Every 5,000+ City in Montenegro - Statistics

General Stats
  • This quiz has been taken 25 times
    16 since last reset
  • The average score is 8 of 14
Answers on the Map
Answers color-coded by a green-red scale on the quiz's map according to % correct below.
 
Answer Stats
Hint Answer % Correct
173,024 Podgorica
100%
15,868 Bar
92%
20,168 Budva
77%
54,394 Nikšić
77%
12,460 Cetinje
69%
10,259 Herceg Novi
69%
10,894 Tivat
62%
11,635 Bijelo Polje
46%
10,581 Rožaje
46%
11,488 Ulcinj
46%
5,162 Danilovgrad
31%
16,419 Pljevlja
31%
5,735 Tuzi
31%
5,897 Igalo
23%
No matching quizzes found
Score Distribution
Percent of People with Each Score
Percentile by Number Answered
Your Score History
You have not taken this quiz since the last reset